Select South America Countries on Map - Statistics

General Stats
  • This quiz has been taken 52 times
  • The average score is 11 of 12
Answers on the Map
Answers color-coded by a green-red scale on the quiz's map according to % correct below.
 
Answer Stats
Answer % Correct
Argentina
98%
Brazil
95%
Chile
95%
Peru
93%
Colombia
91%
Ecuador
91%
Uruguay
91%
Venezuela
91%
Bolivia
88%
Paraguay
88%
Guyana
84%
Suriname
81%
No matching quizzes found
Score Distribution
Percent of People with Each Score
Percentile by Number Answered
Your Score History
You have not taken this quiz